Uslugi produkcja, rynek, marketing

Na minha lista:
Detalhes bibliográficos
Autor principal: Daszkowska, Marianna
Formato: Livro
Idioma:polonês
Publicado em: Warszawa Wydawnictwo Naukowe PWN 1998
Assuntos:
Tags: Adicionar Tag
Sem tags, seja o primeiro a adicionar uma tag!

MARC

LEADER 00000nam a2200000 4500
001 c123119
005 20221221083900.3
020 |a 83-01-12675-2 
041 0 |a pol 
044 |a PL 
245 1 0 |a Uslugi  |b produkcja, rynek, marketing  |c Marianna Daszkowska 
264 1 |a Warszawa  |b Wydawnictwo Naukowe PWN  |c 1998 
300 |a 211 s. 
610 2 0 |a služby 
610 2 0 |a produkcia 
610 2 0 |a trh 
610 2 0 |a marketing 
610 2 0 |a myslenie ekonomické 
610 2 0 |a história 
610 2 0 |a sektory hospodárske 
610 2 0 |a hospodárstvo trhové 
610 2 0 |a riadenie 
610 2 0 |a kontrola 
100 1 |a Daszkowska, Marianna